000 00749nam a22001817a 4500
999 _c522750
_d522750
003 NUST
005 20190110092229.0
008 190110b ||||| |||| 00| 0 eng d
020 _a9780946186585
038 _aMuhammad Ibrahim
082 _a967.73
_bHAR 2016
100 _aHarned,Glenn M
_913027
245 1 0 _aStability Operations in Somalia 1992-1993
_bA Case Study
_cGlenn M. Harned
260 _bPKSOI
_c2016
300 _a205p;
651 _aSomalia , CASE STUDIES , military operations , stability , international relations , united nations , military forces foreign , MILITARY FORCES UNITED STATES , government foreign , infrastructure , humanitarian assistance , rules of engagement , INTERAGENCY COORDINATION
_913028
942 _2ddc
_cBK